000 00694cam a2200229 a 4500
001 000003092
005 20200929150327.0
008 941027s1996 sp 000 f spa
020 _a8408017101
040 _aDO-SdBNP
_cDLC
_dDLC
041 1 7 _aspa
_heng
_2Código de idioma MARC
043 _ae-sp
082 _a813.54
_bS454p
100 1 _aSegal, Erich,
_d1937-
_99761
245 1 0 _aLos premios /
_cErich Segal ; traductor, Víctor Pozanco.
260 _aBarcelona :
_bPlaneta,
_c1996.
300 _a473 p. ;
_c24 cm.
650 4 _aNovela estadounidense
_9262
650 4 _aLiteratura estadounidense
_9263
700 1 _aPozanco, Víctor ;
_etr.
_98952
910 _aCatalogación por copia / LC
999 _c2923
_d2923